000 00697nam a2200289Ia 4500
005 20260324150633.0
008 008 260324s9999 xx 000 0 eng d
020 _a9781003427698
037 _aEBOOK
040 _aCRL
040 _beng
040 _cCRL
041 _2eng
041 _aeng
084 _qCRL
100 _aBelshaw Horace
245 0 _aPopulation Growth and Levels of Consumption
245 0 _bWith Special Reference to Countries in Asia
260 _bTaylor and Francis
260 _c1956
365 _a
365 _b145
856 _uhttp://www.taylorfrancis.com/books/9781003427698
942 _cEBOOK
999 _c1836908
_d1836908